000 00595cam a2200217ua 4500
001 1229
008 110620n ii |||gr||||Z||||||eng
040 _cMAIN
082 _a338
245 1 0 _aEconomics of industrial management
_cby Walter Rautenstrauch
250 _a2nd ed.
260 _aCalcutta:
_bOxford & IBH publishing,957.
300 _axxii, 488p.:
_bill.;
_c30cm.
653 _aEconomics
653 _aEconomics
653 _aEconomics of industrial management
653 _aIndustrial management
700 1 _aRautenstrauch, Walter,
700 1 _aVillers, Raymond,
942 _cBK
999 _c1134
_d1134